Ielts : 600 essential flashcards for ielts
Tóm tắt: Bộ Flashcard là một bộ thẻ dùng để học nhanh từ vựng IELTS.
Tallennettuna:
| Päätekijä: | |
|---|---|
| Aineistotyyppi: | Kirja |
| Kieli: | Undetermined |
| Julkaistu: |
Thành phố Hồ Chí Minh
Nxb. Trẻ
2017
|
| Aiheet: | |
| Tagit: |
Lisää tagi
Ei tageja, Lisää ensimmäinen tagi!
|
| Thư viện lưu trữ: | Trung tâm Học liệu Trường Đại học Cần Thơ |
|---|
| LEADER | 00761nam a2200217Ia 4500 | ||
|---|---|---|---|
| 001 | CTU_221124 | ||
| 008 | 210402s9999 xx 000 0 und d | ||
| 020 | |c 218000 | ||
| 082 | |a 428.0076 | ||
| 082 | |b H523/P.1 | ||
| 100 | |a Huy Lương | ||
| 245 | 0 | |a Ielts : | |
| 245 | 0 | |b 600 essential flashcards for ielts | |
| 245 | 0 | |c Huy Lương ; Biên tập: Võ Thị Ngọc Phượng | |
| 260 | |a Thành phố Hồ Chí Minh | ||
| 260 | |b Nxb. Trẻ | ||
| 260 | |c 2017 | ||
| 520 | |a Tóm tắt: Bộ Flashcard là một bộ thẻ dùng để học nhanh từ vựng IELTS. | ||
| 650 | |a International English language testing system | ||
| 904 | |i Tô Chánh Trung | ||
| 980 | |a Trung tâm Học liệu Trường Đại học Cần Thơ | ||